Türkiye'de eğitim sorunu (Record no. 6275)

MARC details
000 -BAŞLIK
Sabit Uzunlukta Kontrol Alanı 00830na a2200265 4500
001 - KONTROL NUMARASI
Denetim Alanı 19455
003 - KONTROL NUMARASI IDENTIFIER
Denetim Alanı MIRAKIL
005 - SON İŞLEM TARİHİ VE ZAMANI
Denetim Alanı 20181213155102.0
008 - SABİT-BOY VERİ ELEMANLARI - GENEL BİLGİLER
Sabit Uzunlukta Kontrol Alanı 161214b tu 000 0
035 ## - SİSTEM KONTROL NUMARASI
Sistem Kontrol Numarası 19455
040 ## - KATALOGLAMA KAYNAK
Orijinal Kataloglama Ajansı Milas
Kataloglama Dili tur
Metne Dönüştürmek Ajansı TR-AnCHP
041 ## - DİL KODU
Metin / Ses Parça Veya Ayrı Başlığın Dil Kodu tur
082 ## - DEWEY ONLU SINIFLANDIRMA NUMARASI
Sınıflandırma Numarası 370.9561
Ürün Numarası A44t 2007
090 ## - SINIFLAMA NUMARASI
Sınıflama Numarası 370.9561 A44t 2007
100 ## - ANA GİRİŞ - KİŞİSEL İSİM
Kişisel Ad Akın, Fetullah
245 ## - BAŞLIK TABLOSU
Başlık Türkiye'de eğitim sorunu
Başlığın Kalan Toplumsal aktörlerine göre eğitim sorunlarına bakış
Sorumluluk Tablosu, Vb Fetullah Akın, Osman Şimşek, Tevfik Erdem
246 ## - UNVAN FORM VARYING
Başlık Doğru / Kısa Başlığı Toplumsal aktörlerine göre eğitim sorunlarına bakış
260 ## - YAYIN, DAĞITIM, VB
Yayın, Dağıtım, Vb Yeri Ankara
Yayıncı, Dağıtıcı, Vs Adı Türk Eğitim Sen
Yayın, Dağıtım, Vb Tarihi 2007
300 ## - FİZİKSEL TANIM
Kapsam 159 s.
Diğer Fiziksel Ayrıntıları grf.,tbl.
Boyutlar 24 sm.
504 ## - KAYNAKÇA VB NOT
Kaynakça Vb Notu Kaynakça var
650 ## - KONU KATMA GİRİŞ - TOPİKAL DÖNEM
Topikal Süreli Veya Coğrafi Ad Giriş Elemanı Eğitim
Genel Alt Bölümü Sorunlar
Coğrafi Alt Bölümü Türkiye
700 ## - KATMA GİRİŞ - KİŞİSEL İSİM
Kişisel Ad Erdem, Tevfik
700 ## - KATMA GİRİŞ - KİŞİSEL İSİM
Kişisel Ad Şimşek, Osman
942 ## - EKLENDİ GİRİŞ ELEMANLARI (KOHA)
Sınıflandırma Veya Raf Düzeni Kaynak
Koha Öğesi Türü Books
999 ## - SİSTEM KONTROL NUMARALARI (KOHA)
Koha Biblionumber 6275
Koha Biblioitemnumber 6275
Holdings
Kalıcı Konum Mevcut Konum Edinme Tarihi Edinim Kaynak Toplam Check-Out'Lar Tam Çağrı Numarası Barkod Tarih Son Görülme İtibaren Geçerli Fiyatlar Koha Öğesi Türü
CHP Kütüphanesi CHP Kütüphanesi 12/14/2016 Bağış   370.9561 A44t 2007 010271 12/14/2016 12/14/2016 Books